Statistics for 1980s Movie Quotes Quiz

Click here to take the quiz!

General Stats

  • This quiz has been taken 38,630 times
    (38,612 since last reset)
  • The average score is 8 of 17

Answer Stats

QuoteMovie% Correct
Snakes. Why'd it have to be snakes?Raiders of the Lost Ark
83%
Nobody puts Baby in a cornerDirty Dancing
77%
You can be my wingman any timeTop Gun
74%
That's not a knife. That's a knife.Crocodile Dundee
65%
Hello. My name is Inigo Montoya. You killed my father. Prepare to die.The Princess Bride
64%
I'll have what she's havingWhen Harry Met Sally
59%
Sweep the legThe Karate Kid
53%
Greed, for lack of a better word, is goodWall Street
51%
It's 106 miles to Chicago, we got a full tank of gas, half a pack of cigarettes,
it's dark... and we're wearing sunglasses
The Blues Brothers
46%
Life goes by pretty fast. If you don't stop and look around once in a while,
you could miss it.
Ferris Bueller's Day Off
43%
There can be only oneHighlander
40%
I must break youRocky IV
33%
No... wire... hangersMommie Dearest
25%
Wolverines!Red Dawn
25%
Strange things are afoot at the Circle KBill & Ted's Excellent Adventure
22%
All I need are some tasty waves, a cool buzz, and I'm fineFast Times at
Ridgemont High
22%
I'd buy that for a dollar!RoboCop
14%

Score Distribution

Percentile by Number Answered

Percent of People with Each Score

Your Score History

You have not taken this quiz since the last reset